Mots croisés Pokémon - Statistiques

Statistiques générales
  • Ce quiz a été pris 177 fois
  • Le résultat moyen est 8 sur 16
Statistiques - réponses
Pokémon % Correct
Giovanni
89%
Dresseur
86%
Flute
79%
Sol
79%
GameFreak
74%
Platine
70%
Palkia
65%
Ortide
57%
Léo
56%
Casino
43%
Lavande
35%
Argenta
26%
Tajiri
26%
Forêt
21%
Genesect
18%
Drew
12%
Aucun quiz correspondant
Distribution des résultats
% des personnes avec chaque résultat
Percentile par nombre de réponses
Votre historique - résultats
Vous n’avez pas pris ce quiz